| 000 | 00448cam a22001812a 4500 | ||
|---|---|---|---|
| 001 | 022030 | ||
| 003 | AR-FADEU | ||
| 008 | 311216n1954####xxu####################dd | ||
| 092 |
_a370.09 _bM636 |
||
| 100 | _aMignone, Emilio F. | ||
| 245 | _aPolítica educacional y organización política Argentina | ||
| 260 | _aBuenos Aires | ||
| 260 | _bFIDES | ||
| 260 | _c1954 | ||
| 300 | _a189 p | ||
| 650 | _aHISTORIA DE LA EDUCACION | ||
| 942 | _cBDGR | ||
| 999 |
_c27736 _d27736 |
||